[Event "Rome La Lupa op"]
[Site "Rome"]
[Date "2010.06.03"]
[Round "6"]
[White "Macri, Giuseppe"]
[Black "Dorascenzi, Angelo"]
[Result "1/2-1/2"]
[WhiteElo "1260"]
[BlackElo "1428"]
[PlyCount "51"]
[EventDate "2010.05.09"]
[EventType "swiss"]
[EventRounds "7"]
[EventCountry "ITA"]
[SourceTitle "EXT 2024"]
[Source "ChessBase"]
[SourceDate "2023.10.10"]
[SourceVersion "1"]
[SourceVersionDate "2023.10.10"]
[SourceQuality "1"]

1. g3 e5 2. b3 Nf6 3. Bg2 Be7 4. Bb2 d6 5. e3 0-0 6. c4 Bd7 7. Nc3 Bc6 8. e4 Na6 9. a3 Nc5 10. d3 a6 11. Nd5 Bxd5 12. cxd5 a5 13. Nf3 h6 14. Bh3 a4 15. b4 Ncd7 16. Nh4 Nh7 17. Bxd7 Qxd7 18. Nf5 Bg5 19. h4 g6 20. hxg5 gxf5 21. gxh6 Kh8 22. Qh5 Rg8 23. 0-0-0 fxe4 24. Bxe5+ dxe5 25. Qxe5+ f6 26. Qxe4 1/2-1/2